000 00411nam a2200145 4500
999 _c512511
_d512511
008 191127b ||||| |||| 00| 0 eng d
100 _aBhasin, Nanu
_913896
245 _aPolicy and planning towards rural education
260 _bKurukshetra
300 _a68(1), Nov, 2019: p.5-10.
700 _aJain, Arvind Kumar
_913897
773 _aKurukshetra
906 _aEducation, Rural - India
942 _2ddc
_cAR